[Event "Subotica-ch"]
[Site "Subotica"]
[Date "2015.03.06"]
[Round "9"]
[White "Brindza, Dezso"]
[Black "Braun, Tibor"]
[Result "0-1"]
[WhiteElo "1712"]
[BlackElo "1891"]
[PlyCount "68"]
[EventDate "2015.02.16"]
[EventType "swiss"]
[EventRounds "9"]
[EventCountry "SRB"]
[SourceTitle "CBM 165 Extra"]
[Source "ChessBase"]
[SourceDate "2015.04.21"]
[SourceVersion "1"]
[SourceVersionDate "2015.04.21"]
[SourceQuality "1"]

1. d4 g6 2. e3 d5 3. Bd3 Bg7 4. f4 f5 5. Nf3 e6 6. Nbd2 c5 7. c3 c4 8. Bc2 b5 9. 0-0 a5 10. b3 Nc6 11. Ne5 Bxe5 12. fxe5 Ba6 13. bxc4 dxc4 14. e4 Nge7 15. Nf3 b4 16. Bb2 Qb6 17. Bb1 0-0 18. exf5 exf5 19. Kh1 Nd5 20. Qd2 bxc3 21. Bxc3 Nxc3 22. Qxc3 Rfd8 23. Rd1 Nb4 24. a3 Nd5 25. Qc1 c3 26. Ba2 Be2 27. Re1 Bxf3 28. gxf3 Qxd4 29. Qd1 Qc5 30. Qc2 Kg7 31. Rac1 Rac8 32. Qb3 Nf4 33. Qf7+ Kh6 34. Qf6 Qf2 0-1

[Event "Subotica-ch"]
[Site "Subotica"]
[Date "2015.02.18"]
[Round "2"]
[White "Braun, Tibor"]
[Black "Skenderovic, Nikola"]
[Result "1-0"]
[WhiteElo "1891"]
[BlackElo "1530"]
[PlyCount "63"]
[EventDate "2015.02.16"]
[EventType "swiss"]
[EventRounds "9"]
[EventCountry "SRB"]
[SourceTitle "CBM 165 Extra"]
[Source "ChessBase"]
[SourceDate "2015.04.21"]
[SourceVersion "1"]
[SourceVersionDate "2015.04.21"]
[SourceQuality "1"]

1. d4 e6 2. c4 Bb4+ 3. Nc3 f5 4. Bd2 Nf6 5. e3 b6 6. a3 Bxc3 7. Bxc3 Bb7 8. Nf3 0-0 9. b3 Ne4 10. Bb2 d6 11. d5 e5 12. Bd3 Ng5 13. Nxg5 Qxg5 14. 0-0 f4 15. exf4 exf4 16. f3 Bc8 17. Qc2 h6 18. Rae1 a5 19. Re2 Na6 20. Rfe1 Nc5 21. Bh7+ Kh8 22. Re8 Bh3 23. R8e7 Qxg2+ 24. Qxg2 Bxg2 25. Rxg7 Nd3 26. Rxg2+ Nxb2 27. Re7 Rae8 28. Rxc7 Nd1 29. h3 Re1+ 30. Kh2 Rfe8 31. Bc2 Ne3 32. Rh7# 1-0

[Event "Senta op-B 16th"]
[Site "Senta"]
[Date "2012.07.21"]
[Round "9"]
[White "Braun, Tibor"]
[Black "Milivojevic, Jelena"]
[Result "1-0"]
[WhiteElo "1893"]
[BlackElo "2011"]
[PlyCount "69"]
[EventDate "2012.07.14"]
[EventType "swiss"]
[EventRounds "9"]
[EventCountry "SRB"]
[SourceTitle "CBM 149 Extra"]
[Source "ChessBase"]
[SourceDate "2012.08.24"]
[SourceVersion "1"]
[SourceVersionDate "2012.08.24"]
[SourceQuality "1"]

1. d4 Nf6 2. Nf3 d6 3. Bg5 Nbd7 4. c4 e5 5. dxe5 dxe5 6. Nc3 Be7 7. e4 c6 8. a3 a5 9. Qc2 Qc7 10. Be2 0-0 11. 0-0 Re8 12. h3 Bf8 13. Be3 g6 14. Rfd1 Nc5 15. b4 Ne6 16. b5 Nc5 17. a4 Bd7 18. Rd2 Rad8 19. Bg5 Bg7 20. Rad1 h6 21. Be3 Ne6 22. b6 Qb8 23. c5 Bf8 24. Na2 g5 25. Nc1 Bc8 26. Rxd8 Rxd8 27. Rxd8 Nxd8 28. Nd2 g4 29. h4 Ne6 30. Qc3 Nf4 31. Bxf4 exf4 32. Qxf6 Bxc5 33. Qd8+ Kg7 34. Bxg4 Bxb6 35. Qxc8 1-0

[Event "Subotica-ch"]
[Site "Subotica"]
[Date "2012.05.16"]
[Round "5"]
[White "Sente, Damir"]
[Black "Braun, Tibor"]
[Result "1-0"]
[WhiteElo "2073"]
[BlackElo "1920"]
[PlyCount "129"]
[EventDate "2012.05.07"]
[EventType "swiss"]
[EventRounds "9"]
[EventCountry "SRB"]
[SourceTitle "CBM 148 Extra"]
[Source "ChessBase"]
[SourceDate "2012.06.22"]
[SourceVersion "1"]
[SourceVersionDate "2012.06.22"]
[SourceQuality "1"]

1. Nf3 d6 2. d4 g6 3. e4 Bg4 4. c4 Bg7 5. Nc3 Nd7 6. Be2 c6 7. h3 Bxf3 8. Bxf3 e5 9. d5 cxd5 10. Nxd5 Nc5 11. 0-0 Qd7 12. b4 Ne6 13. Be3 Ne7 14. Rb1 0-0 15. Qd3 Nxd5 16. Qxd5 Nd4 17. Bxd4 exd4 18. Bg4 Qe7 19. f4 Rfe8 20. Rbe1 Qc7 21. Rb1 h5 22. Bf3 Rac8 23. Rfc1 b6 24. Rb3 Qe7 25. Rf1 Qc7 26. Be2 Qe7 27. Bd3 Kh8 28. a4 Qe6 29. Qxe6 Rxe6 30. g3 Rc7 31. Rfb1 Bh6 32. Kg2 f6 33. a5 bxa5 34. bxa5 Bf8 35. Rb8 Kg7 36. Ra8 Ree7 37. Rab8 Rc5 38. R1b5 a6 39. Rxc5 dxc5 40. Rb6 Ra7 41. e5 fxe5 42. fxe5 Be7 43. Rxg6+ Kf7 44. Rc6 Rb7 45. Rxa6 Rb3 46. Bg6+ Kf8 47. Ra8+ Kg7 48. Bxh5 d3 49. Ra7 Kf8 50. h4 Rc3 51. Ra8+ Kg7 52. Re8 Bf8 53. e6 Rxc4 54. e7 Bxe7 55. Rxe7+ Kf6 56. Rd7 Rc2+ 57. Kf1 c4 58. a6 d2 59. Bd1 Ra2 60. a7 c3 61. Rc7 Ke5 62. Rxc3 Rxa7 63. Ke2 Kd4 64. Rd3+ Ke4 65. Kxd2 1-0

[Event "Subotica-ch"]
[Site "Subotica"]
[Date "2012.05.07"]
[Round "1"]
[White "Scepanovic, Labud"]
[Black "Braun, Tibor"]
[Result "1-0"]
[WhiteElo "2197"]
[BlackElo "1920"]
[PlyCount "57"]
[EventDate "2012.05.07"]
[EventType "swiss"]
[EventRounds "9"]
[EventCountry "SRB"]
[SourceTitle "CBM 148 Extra"]
[Source "ChessBase"]
[SourceDate "2012.06.22"]
[SourceVersion "1"]
[SourceVersionDate "2012.06.22"]
[SourceQuality "1"]

1. e4 g6 2. d3 Bg7 3. Nf3 d6 4. g3 e5 5. Bg2 Ne7 6. 0-0 0-0 7. Nc3 c5 8. Nh4 Be6 9. f4 exf4 10. gxf4 Nec6 11. Nf3 Bg4 12. Qe1 Nb4 13. Rf2 Bxf3 14. Bxf3 Qh4 15. Be3 N4c6 16. Nb5 Qe7 17. Nc3 Nd4 18. Bg2 Nd7 19. Nd5 Qh4 20. c3 Ne6 21. Qd2 Nf6 22. Nxf6+ Bxf6 23. Rf3 Bg7 24. f5 Nc7 25. Bg5 Qh5 26. Rh3 Qg4 27. Rh4 Qxh4 28. Bxh4 f6 29. Bg3 1-0

[Event "Subotica-ch"]
[Site "Subotica"]
[Date "2011.03.07"]
[Round "7"]
[White "Puhalo, Zdravko"]
[Black "Braun, Tibor"]
[Result "1-0"]
[WhiteElo "1981"]
[BlackElo "1904"]
[PlyCount "123"]
[EventDate "2011.02.21"]
[EventType "swiss"]
[EventRounds "9"]
[EventCountry "SRB"]
[SourceTitle "CBM 141 Extra"]
[Source "ChessBase"]
[SourceDate "2011.05.03"]
[SourceVersion "1"]
[SourceVersionDate "2011.05.03"]
[SourceQuality "1"]

1. d4 d5 2. c4 c6 3. Nc3 Nf6 4. Bf4 e6 5. e3 Bd6 6. Bg5 Nbd7 7. Bd3 h6 8. Bh4 Qc7 9. Bxf6 Nxf6 10. c5 Bxh2 11. Nf3 Ng4 12. Qe2 e5 13. Nxh2 Nxh2 14. Qh5 Ng4 15. Be2 g6 16. Qh4 exd4 17. exd4 g5 18. Qh5 Nf6 19. Qf3 Qe7 20. 0-0-0 Bg4 21. Qd3 Bxe2 22. Nxe2 0-0-0 23. Rde1 Qd7 24. f3 Rde8 25. Ng3 Rxe1+ 26. Rxe1 Re8 27. Rh1 h5 28. Nf5 Kb8 29. Nd6 Re7 30. b4 h4 31. a4 Ne8 32. Nf5 Re6 33. Kd2 Qc7 34. Kc2 a5 35. b5 b6 36. Rb1 Ka7 37. cxb6+ Qxb6 38. bxc6 Qxc6+ 39. Kd2 Qxa4 40. Qc3 Rc6 41. Ra1 Rxc3 42. Rxa4 Rb3 43. Rxa5+ Kb6 44. Ra8 Rb2+ 45. Kd3 Rxg2 46. Rxe8 h3 47. Rh8 h2 48. Ne7 Kc7 49. Nxd5+ Kd6 50. Ne3 Rf2 51. Rh6+ Ke7 52. Nf5+ Kd7 53. Ke3 Rg2 54. d5 Kd8 55. Rh8+ Kd7 56. Rh7 Kd8 57. Nd6 Ke7 58. Ne4 Kd8 59. d6 g4 60. Nf6 Kc8 61. d7+ Kc7 62. Rh8 1-0

[Event "Subotica-ch"]
[Site "Subotica"]
[Date "2009.02.16"]
[Round "1"]
[White "Pajzer, Istvan"]
[Black "Braun, Tibor"]
[Result "1-0"]
[WhiteElo "2150"]
[BlackElo "1948"]
[PlyCount "49"]
[EventDate "2009.02.16"]
[EventType "swiss"]
[EventRounds "9"]
[EventCountry "SRB"]
[SourceTitle "EXT 2019"]
[Source "ChessBase"]
[SourceDate "2018.10.10"]
[SourceVersion "1"]
[SourceVersionDate "2018.10.10"]
[SourceQuality "1"]

1. d4 g6 2. c4 c6 3. Nc3 Bg7 4. e4 d6 5. Be3 Na6 6. Qd2 Nc7 7. Bd3 e5 8. Nge2 Ne7 9. Bh6 0-0 10. Bxg7 Kxg7 11. 0-0-0 Ne6 12. Bc2 b6 13. h4 h5 14. f3 f5 15. g4 hxg4 16. exf5 gxf3 17. fxe6 fxe2 18. Nxe2 Bxe6 19. h5 Rh8 20. dxe5 dxe5 21. Qg5 Qc7 22. Bxg6 Bf7 23. h6+ Kf8 24. Bxf7 Kxf7 25. Rhf1+ 1-0

[Event "Subotica-ch op "]
[Site "Subotica"]
[Date "2007.03.07"]
[Round "8"]
[White "Lanji, Laslo"]
[Black "Braun, Tibor"]
[Result "1-0"]
[WhiteElo "1934"]
[BlackElo "1800"]
[PlyCount "110"]
[EventDate "2007.02.19"]
[EventType "swiss"]
[EventRounds "9"]
[EventCountry "YUG"]
[SourceTitle "EXT 2008"]
[Source "ChessBase"]
[SourceDate "2007.11.25"]
[SourceVersion "1"]
[SourceVersionDate "2007.11.25"]
[SourceQuality "1"]

1. e4 e5 2. Nf3 d6 3. Bc4 Bg4 4. c3 Nf6 5. Qb3 Be6 6. Bxe6 fxe6 7. Qxe6+ Qe7 8. Qc8+ Qd8 9. Qxb7 Nbd7 10. d3 Nc5 11. Qb5+ Qd7 12. Qxd7+ Nfxd7 13. Kd2 Be7 14. b4 Nb7 15. d4 exd4 16. Nxd4 0-0 17. Nf3 c5 18. Bb2 Rad8 19. Ke2 Bf6 20. a3 Nb6 21. Nfd2 d5 22. f3 d4 23. Rd1 Na4 24. Nc4 Nxb2 25. Nxb2 dxc3 26. Rxd8 Rxd8 27. Na4 c2 28. Nbc3 Bg5 29. f4 Bxf4 30. Na2 Rd2+ 31. Ke1 Rxg2 32. Kf1 Rxh2 33. Kg1 Rd2 34. N4c3 Be5 35. Rc1 cxb4 36. axb4 Nd6 37. Kf1 Bxc3 38. Nxc3 Nxe4 39. Ke1 Nxc3 40. Kxd2 Na2 41. Rxc2 Nxb4 42. Rc8+ Kf7 43. Rc7+ Kf6 44. Rxa7 h5 45. Ke3 h4 46. Kf3 Nd3 47. Kg4 g5 48. Ra6+ Kg7 49. Kxg5 h3 50. Ra7+ Kf8 51. Rh7 Nf2 52. Kf4 Ke8 53. Kf3 Nd3 54. Rxh3 Kf7 55. Rh6 Nf4 1-0

[Event "Subotica-ch op "]
[Site "Subotica"]
[Date "2007.02.28"]
[Round "5"]
[White "Braun, Tibor"]
[Black "Avram, Veso"]
[Result "0-1"]
[WhiteElo "1800"]
[BlackElo "2146"]
[PlyCount "95"]
[EventDate "2007.02.19"]
[EventType "swiss"]
[EventRounds "9"]
[EventCountry "YUG"]
[SourceTitle "EXT 2008"]
[Source "ChessBase"]
[SourceDate "2007.11.25"]
[SourceVersion "1"]
[SourceVersionDate "2007.11.25"]
[SourceQuality "1"]

1. d4 Nf6 2. c4 e5 3. d5 Bc5 4. Nc3 d6 5. e4 h6 6. Be2 0-0 7. Nf3 a6 8. 0-0 Nh7 9. Ne1 f5 10. Be3 Nd7 11. exf5 Nhf6 12. Bh5 Qe7 13. Bg6 Bxe3 14. fxe3 e4 15. Qd4 Ne5 16. b4 Bd7 17. a4 Nxg6 18. fxg6 Be8 19. c5 Bxg6 20. g3 Ng4 21. Rf2 h5 22. Ng2 Ne5 23. Nh4 Bh7 24. Rf4 Rxf4 25. exf4 Nf3+ 26. Nxf3 exf3 27. Rf1 Re8 28. Rxf3 Bf5 29. cxd6 cxd6 30. Rf2 Qc7 31. Re2 Rxe2 32. Nxe2 Qc2 33. Qe3 Bg4 34. Nc3 Kf8 35. b5 a5 36. b6 Bh3 37. Qf3 Qc1+ 38. Nd1 Bg4 39. Qe4 Qxd1+ 40. Kf2 Qd2+ 41. Kg1 Bh3 42. f5 Qd1+ 43. Kf2 Qf1+ 44. Ke3 Qe1+ 45. Kf4 Qxe4+ 46. Kxe4 Ke7 47. Kd4 Bxf5 48. Kc4 0-1